Concepts : where cognitive science went wrong

Αποθηκεύτηκε σε:
Λεπτομέρειες βιβλιογραφικής εγγραφής
Κύριος συγγραφέας: Fodor, Jerry A.
Μορφή: Βιβλίο
Γλώσσα:English
Δημοσίευση: Oxford : Clarendon Press, c1998
Σειρά:Oxford cognitive science series
Θέματα:
Ετικέτες: Προσθήκη ετικέτας
Δεν υπάρχουν, Καταχωρήστε ετικέτα πρώτοι!

MARC

LEADER 00000nam a2200000 i 4500
001 1/70491
008 050127s1998 eng d
020 |a 0-19-823636-0 (pbk) 
035 |l 10076241 
040 |a GR-MY-UA  |b gre  |e aacr 
041 0 |a eng 
082 0 |a 121.4  |2 (21) 
100 1 |a Fodor, Jerry A. 
245 1 0 |a Concepts :  |b where cognitive science went wrong /  |c Jerry A. Fodor 
260 |a Oxford :   |b Clarendon Press,   |c c1998 
300 |a ix, 174 σ.;  |c 24 εκ. 
490 1 |a Oxford cognitive science series 
504 |a Περιλαμβάνει βιβλιογραφία (σ. [167]-171) και ευρετήριο. 
650 0 0 |a Concepts. 
650 0 0 |a Cognitive science. 
650 0 0 |a Philosophy of mind. 
830 0 |a Oxford cognitive science series 
852 |a INST  |b SYROS  |e 20050127  |h 121.4 FOD  |p 005500004176  |q 005500004176  |t BK  |y 0 
901 |a BIBL5-2005-1 
909 |a Ε  |b 111740 
920 |a ΔΙΕΥΡΥΝΣΗ  |b ΕΠΕΑΕΚ-ΤΜΣΠΣ  |y ΣΥΡΟΣ  |z 2004-10 
970 |a ΚΑΓΙΑΒΑ  |b ΕΙΡΗΝΗ  |z 2005/01/27